| 000 | 00508nam a2200205Ia 4500 | ||
|---|---|---|---|
| 999 |
_c9512 _d9512 |
||
| 003 | 0100 | ||
| 005 | 20180219160335.0 | ||
| 008 | 130303s9999 xx 000 0 und d | ||
| 020 | _a860911462 | ||
| 040 | _cARRUPELIB | ||
| 050 | _aDT763.6.M8 1987 | ||
| 100 |
_aMurray, Martin J _939467 |
||
| 245 |
_aSouth Africa , time of agony, time of destiny: _bthe upsurge of popular protest / |
||
| 260 |
_aLondon _bVerso _c1987 |
||
| 300 | _axii | ||
| 300 | _b 496 p. ill. 23 cm | ||
| 650 |
_aSouth Africa _939358 |
||
| 700 |
_aMartin J. Murray _939468 |
||
| 942 |
_2lcc _cMONOGRAPH |
||